Abismo y cimiento. Gustavo Ross y las Relaciones entre Chile y Estados Unidos 1932-1938.

Uloženo v:
Podrobná bibliografie
Hlavní autor: Fermandois Huerta, Joaquín (autor)
Médium: Kniha
Jazyk:španělština
Vydáno: Santiago, Chile: Ediciones Universidad Católica de Chile, 1997.
Edice:Investigaciones.
Témata:
Tagy: Přidat tag
Žádné tagy, Buďte první, kdo vytvoří štítek k tomuto záznamu!

MARC

LEADER 00000cam a2200000 a 4500
001 UCS3018
003 CL-VaPUC
005 20231218125502.0
008 970611e19970000CL |||||||||||||||||spa|d
999 |c 260885  |d 260883 
020 |a 956-14-0418-4 
040 |c Pontificia Universidad Católica de Valparaíso 
082 0 4 |a 327.83 FER 1997  |2 21 
100 |a Fermandois Huerta, Joaquín  |e autor  |9 621610 
245 1 0 |a Abismo y cimiento.  |b Gustavo Ross y las Relaciones entre Chile y Estados Unidos 1932-1938.  
260 |a Santiago, Chile:  |b Ediciones Universidad Católica de Chile,   |c 1997.  
300 |a 335 páginas. 
490 0 |a Investigaciones.  
500 |a c.5 Donación Familia Prof. Alejandro Guzmán Brito.  
583 |a last modification  |c 20160520 08:58:42  |k Rodrigo Vera 
650 0 |a Política  |z Chile  |z Estados Unidos   |9 255312 
651 |a Chile  |x Historia   |x Relaciones internacionales   |9 866276 
852 |a BIBCUR 
942 |c BK  |2 ddc  |n 0 
945 |d 19970611 00:00:00  |a amoreno 
952 |0 0  |1 0  |2 ddc  |4 0  |6 327_830000000000000_FER_1997  |7 0  |8 A  |9 287505  |a BIBHIS  |b BIBHIS  |d 2019-11-19  |i 3310736  |o 327.83 FER 1997  |p 3310736  |r 2025-01-20  |t 1  |w 2019-11-19  |y BK  |k HIS 
952 |0 0  |1 0  |2 ddc  |4 0  |6 327_830000000000000_FER_1997  |7 0  |8 A  |9 287506  |a BIBHIS  |b BIBHIS  |d 2019-11-19  |i 332494K  |l 4  |o 327.83 FER 1997  |p 332494K  |r 2025-01-20  |s 2024-10-30  |t 2  |w 2019-11-19  |y BK  |k HIS 
952 |0 0  |1 0  |2 ddc  |4 0  |6 327_830000000000000_FER_1997  |7 0  |8 A  |9 287507  |a BIBHIS  |b BIBHIS  |d 2019-11-19  |i 1209191  |l 1  |o 327.83 FER 1997  |p 1209191  |r 2025-01-20  |s 2022-09-06  |t 3  |w 2019-11-19  |y BK  |k HIS 
952 |0 0  |1 0  |2 ddc  |3 erb  |4 0  |6 327_830000000000000_FER_1997  |7 0  |8 A  |9 287508  |a FDOHBE  |b FDOHBE  |e Huesbe Llanos, Marco Antonio, 1934-  |i 5305322  |o 327.83 FER 1997  |p 5305322  |r 2024-01-30  |t 4  |w 2019-11-19  |y BK  |z Catalogado en:20160520  |k HBE